Martha Stewart's encyclopedia of crafts / (Record no. 1359)
[ view plain ]
| 000 -LEADER | |
|---|---|
| fixed length control field | 01254cam a22002778a 4500 |
| 005 - DATE AND TIME OF LATEST TRANSACTION | |
| control field | 20260322212057.0 |
| 008 - FIXED-LENGTH DATA ELEMENTS--GENERAL INFORMATION | |
| fixed length control field | data |
| 010 ## - LIBRARY OF CONGRESS CONTROL NUMBER | |
| LC control number | 2008033415 |
| 020 ## - INTERNATIONAL STANDARD BOOK NUMBER | |
| International Standard Book Number | 9780307450579 |
| 020 ## - INTERNATIONAL STANDARD BOOK NUMBER | |
| International Standard Book Number | 0307450570 |
| 040 ## - CATALOGING SOURCE | |
| Original cataloging agency | DLC |
| Transcribing agency | DLC |
| 050 00 - LIBRARY OF CONGRESS CALL NUMBER | |
| Classification number | TT157 |
| Item number | .M39145 2009 |
| 082 00 - DEWEY DECIMAL CLASSIFICATION NUMBER | |
| Classification number | 745.5 |
| Edition information | 22 |
| 092 ## - LOCALLY ASSIGNED DEWEY CALL NUMBER (OCLC) | |
| Classification number | 745.5 M39145 2009 |
| 001 - CONTROL NUMBER | |
| control field | data |
| 245 00 - TITLE STATEMENT | |
| Title | Martha Stewart's encyclopedia of crafts / |
| Statement of responsibility, etc. | edited by Martha Stewart. |
| 250 ## - EDITION STATEMENT | |
| Edition statement | 1st ed. |
| 260 ## - PUBLICATION, DISTRIBUTION, ETC. | |
| Place of publication, distribution, etc. | New York : |
| Name of publisher, distributor, etc. | Potter Craft, |
| Date of publication, distribution, etc. | 2009. |
| 263 ## - PROJECTED PUBLICATION DATE | |
| Projected publication date | 0903 |
| 300 ## - PHYSICAL DESCRIPTION | |
| Extent | p. cm. |
| 500 ## - GENERAL NOTE | |
| General note | Includes index. |
| 505 0# - FORMATTED CONTENTS NOTE | |
| Formatted contents note | Albums and scrapbooks -- Beading -- Block printing -- Botanical pressing -- Botanical printing -- Calligraphy -- Candlemaking -- Clay -- Crepe paper and tissue paper -- Decoupage -- Etching glass -- Fabric flowers -- Gilding -- Glittering -- Jewelry making -- Marbleizing -- Matting and framing -- Mosaics -- Nature crafts -- Origami and paper folding -- Painting china and glass -- Paper cutting and punching -- Photo projects -- Pom-poms -- Quilling -- Rope crafts -- Rubber stamping -- Silkscreening -- Soap making -- Tin punching -- Wirework -- Wreaths -- Tools and materials. |
| 650 #0 - SUBJECT ADDED ENTRY--TOPICAL TERM | |
| Topical term or geographic name entry element | Handicraft. |
| 700 1# - ADDED ENTRY--PERSONAL NAME | |
| Personal name | Stewart, Martha. |
| 730 0# - ADDED ENTRY--UNIFORM TITLE | |
| Uniform title | Martha Stewart living. |
| Withdrawn status | Lost status | Damaged status | Not for loan | Home library | Current library | Shelving location | Date acquired | Total checkouts | Full call number | Barcode | Date last seen | Price effective from | Koha item type |
|---|---|---|---|---|---|---|---|---|---|---|---|---|---|
| Centerville | Centerville | General stacks | 22/03/2026 | 745.5 22 | BC0011405 | 22/03/2026 | 22/03/2026 | Books |